| 000 | 00554nam a22001577a 4500 | ||
|---|---|---|---|
| 999 |
_c20036 _d20036 |
||
| 008 | 240404b ||||| |||| 00| 0 eng d | ||
| 020 | _a9712326101 | ||
| 082 |
_aDFil 613.7 _bJ56 1999 |
||
| 100 |
_aJimena, Edgar C. _97372 |
||
| 245 |
_aMaking fitness your own : _ba textbook in college P.E. 1 / _cEdgar C. Jimena and Jesse D. Dagoon. |
||
| 260 |
_aManila : _bRex Book Store, _c©1999. |
||
| 300 |
_avii, 131 pages : _billustrations ; _c25 cm. |
||
| 650 |
_aPhysical fitness. _956466 |
||
| 700 |
_aDagoon, Jesse D. _ecoordinator. _935039 |
||
| 942 |
_2ddc _cDFIL |
||